Organizaciones populares costarricenses (un estudio de fuentes secundarias). Fascículo 2: Asociaciones de Desarrollo Comunal /
Gardado en:
| Autor Principal: | |
|---|---|
| Outros autores: | |
| Formato: | Texto |
| Publicado: |
San Pedro de M. de O.:
UCR. Escuela de Trabajo Social
|
| Materias: | |
| Etiquetas: |
Engadir etiqueta
Sen Etiquetas, Sexa o primeiro en etiquetar este rexistro!
|
MARC
| LEADER | 00000 a a2200000 04500 | ||
|---|---|---|---|
| 001 | 18205 | ||
| 003 | |||
| 040 | |||
| 090 | |a 024300 | ||
| 100 | |a Molina Molina, María Lorena | ||
| 245 | |a Organizaciones populares costarricenses (un estudio de fuentes secundarias). Fascículo 2: Asociaciones de Desarrollo Comunal / |c María Lorena Molina Molina | ||
| 260 | |a San Pedro de M. de O.: |b UCR. Escuela de Trabajo Social | ||
| 300 | |a 38 p. | ||
| 300 | |b **no definido** | ||
| 650 | |a DESARROLLO DE LA COMUNIDAD | ||
| 650 | |a HISTORIA SOCIAL | ||
| 650 | |a MARCO INSTITUCIONAL | ||
| 650 | |a LEGISLACION | ||
| 650 | |a ASOCIACIONES DE DESARROLLO COMUNAL | ||
| 650 | |a ASOCIACIONES DE DESARROLLO COMUNAL | ||
| 700 | |a Romero, Mª Cristina | ||
| 999 | |c 10710 |d 10710 | ||
